000 00824cab a2200253 4500
001 ABS57811
008 090401t1997 xxu||||| |||| 00| 0 eng d
035 _a(Sirsi) u81768
041 _aeng
100 _aKennie, T.
245 _aIn search of excellence in practice management...
260 _c1997
350 _a0
490 _aCSM (Chartered Surveyor Monthly)
_v7(2) October 1997, 48-49(2)
520 _aLists a number of questions people need to consider before setting up practice on their own. Further information at http://members.aol.com/pmdev/pmd.htm .
650 _aMANAGEMENT-BUSINESS MANAGEMENT
650 _aPRACTICE MANAGEMENT
650 _aRICS GUIDELINES
650 _aSETTING UP IN PRACTICE
690 _aPROFESSIONAL PRACTICE
700 _aPrice, I.
942 _n0
948 _c29/10/1997
999 _c51553
_d51553